What is nursing? : (Record no. 5673)
[ view plain ]
| 000 -LEADER | |
|---|---|
| fixed length control field | 00601nam a22002057a 4500 |
| 003 - CONTROL NUMBER IDENTIFIER | |
| control field | OSt |
| 005 - DATE AND TIME OF LATEST TRANSACTION | |
| control field | 20170310162208.0 |
| 008 - FIXED-LENGTH DATA ELEMENTS--GENERAL INFORMATION | |
| fixed length control field | 170310b xxu||||| |||| 00| 0 eng d |
| 020 ## - INTERNATIONAL STANDARD BOOK NUMBER | |
| International Standard Book Number | 9780857254450 |
| 040 ## - CATALOGING SOURCE | |
| Transcribing agency | 040a |
| 082 ## - DEWEY DECIMAL CLASSIFICATION NUMBER | |
| Classification number | WY 100 |
| Item number | H14w 2011 |
| 100 ## - MAIN ENTRY--PERSONAL NAME | |
| Personal name | Hall, Carol |
| 9 (RLIN) | 11823 |
| 245 ## - TITLE STATEMENT | |
| Title | What is nursing? : |
| Remainder of title | exploring theory and practice / |
| Statement of responsibility, etc. | Carol Hall, Dawn Ritchie |
| 260 ## - PUBLICATION, DISTRIBUTION, ETC. (IMPRINT) | |
| Place of publication, distribution, etc. | London |
| Name of publisher, distributor, etc. | Learning matters |
| Date of publication, distribution, etc. | 2011 |
| 300 ## - PHYSICAL DESCRIPTION | |
| Extent | viii, 197p; |
| Dimensions | 16 cm. |
| 504 ## - BIBLIOGRAPHY, ETC. NOTE | |
| Bibliography, etc | Includes bibliographic references and index |
| 650 ## - SUBJECT ADDED ENTRY--TOPICAL TERM | |
| Topical term or geographic name as entry element | Nursing |
| 9 (RLIN) | 135 |
| 700 ## - ADDED ENTRY--PERSONAL NAME | |
| Personal name | Ritchie, Dawn |
| 9 (RLIN) | 11824 |
| 942 ## - ADDED ENTRY ELEMENTS (KOHA) | |
| Source of classification or shelving scheme | Other/Generic Classification Scheme |
| Koha item type | Open Shelf |
| Withdrawn status | Lost status | Source of classification or shelving scheme | Damaged status | Not for loan | Home library | Current library | Date acquired | Source of acquisition | Inventory number | Total Checkouts | Full call number | Barcode | Date last seen | Price effective from | Koha item type |
|---|---|---|---|---|---|---|---|---|---|---|---|---|---|---|---|
| Other/Generic Classification Scheme | MUST Main Library | MUST Main Library | 10/03/2017 | 2014/37608 | WY 100 H14w 2011 | 2017-0370 | 10/03/2017 | 10/03/2017 | Open Shelf | ||||||
| Other/Generic Classification Scheme | MUST Main Library | MUST Main Library | 22/03/2017 | 2014/37607 | WY 100 H14w 2011 | 2017-0506 | 22/03/2017 | 22/03/2017 | Open Shelf |
